000 00918nam0a22002531 4500
001 rc\220967
005 20260407131540.0
035 _a(NLR Aleph) 005475592
090 _a5084853
_c5084853
100 _a20030307d1995 |||y0rusy50 ca
101 0 _arus
102 _aRU
105 _ay |||||||||
200 1 _aЭрмитажные чтения памяти Б.Б. Пиотровского (14.II.1908-15.X.1990)
_eТез. докл.
_fГос. Эрмитаж
210 _aСПб.
_cБ. и.
_d1995
215 _a58 с.
_d22
600 1 _aПиотровский
_bБ.Б.
_gБорис Борисович
_f1908-1990
_2psbo
710 1 2 _aЭрмитажные чтения памяти Б. Б. Пиотровского
_f1995
_eСанкт-Петербург
_3RU\NLR\AUTH\8810077602
_9657401
801 0 _aRU
_bNLR
_gpsbo
801 1 _aRU
_bELAR
_2rusmarc
852 _aNLR
_j96-6/1125
942 _cBOOK
980 _aNB